000 00343nam a2200157Ia 4500
003 Ost
005 20260225132541.0
008 260225s9999||||xx |||||||||||||| ||und||
040 _cfsic
041 _afre
082 _a930
100 _aOlivier lemant
_eAuteur
245 0 _aL'audit interne /
245 0 _cOlivier lemant
942 _cكتاب
999 _c33522
_d33522